000
00200 a2200097 4500
001
4521
100
_a
Galyer,F.W
245
_a
Metrology for engineers
260
_a
_b
Cassell
_c
090
_c
3719
_d
3719
942
_a
NUST-CAE
_c
M
_c
29955
999
_c
239594
_d
239594